Mistrzostwa świata w piłce nożnej 2026 - Statystyki

Ogólne statystyki
  • Ten quiz został rozwiązany 64 razy
    30 od ostatniego zresetowania
  • Średni wynik to 29 z 42
Statystyki odpowiedzi
Hint Odpowiedź % Poprawnych
UEFA Hiszpania
100%
UEFA Portugalia
95%
CONMEBOL Argentyna
89%
UEFA Anglia
84%
CONMEBOL Brazylia
84%
UEFA Holandia
84%
AFC Japonia
84%
UEFA Niemcy
84%
UEFA Norwegia
84%
UEFA Szwajcaria
84%
UEFA Austria
79%
UEFA Francja
79%
CONCACAF Kanada
79%
CONCACAF Meksyk
79%
CONCACAF Stany Zjednoczone
79%
CONMEBOL Urugwaj
74%
CAF Algieria
68%
CONCACAF Haiti
68%
AFC Iran
68%
CONMEBOL Kolumbia
68%
AFC Korea Południowa
68%
CAF Maroko
68%
OFC Nowa Zelandia
68%
AFC Arabia Saudyjska
63%
AFC Australia
63%
UEFA Belgia
63%
CONCACAF Curacao
63%
CAF Wybrzeże Kości Słoniowej
63%
CAF Egipt
58%
CONMEBOL Ekwador
58%
AFC Katar
58%
CAF Republika Południowej Afryki
58%
UEFA Szkocja
58%
CAF Tunezja
58%
UEFA Chorwacja
53%
CONCACAF Panama
53%
CAF Ghana
47%
AFC Jordania
47%
CAF Senegal
47%
AFC Uzbekistan
47%
CONMEBOL Paragwaj
42%
CAF Republika Zielonego Przylądka
42%
Nie znaleziono quizów pasujących do podanych kryteriów
Rozkład punktacji
Procent ludzi z każdym wynikiem
Percentyl według liczby udzielonych odpowiedzi
Twoja historia wyników
Nie rozwiązałeś tego quizu od ostatniego zresetowania